000 00980cam a2200301 i 4500
001 64019
003 Mx-PuUPA
005 20210716134418.0
008 160307s2014 nyu r 000 0 eng d
020 _a9780393349894 (pbk)
_qpapel alcalino
040 _aMx-PuUPA
_bspa
_cMx-PuUPA
_dMx-PuUPA
_erda
041 0 _aeng
100 1 _aAdams, D. M.
_d1933-
_q(David Michael),
_eautor
_91598
245 1 0 _aGame-changer :
_bgame theory and the art of transforming strategic situations /
_cDavid McAdams.
250 _aFirst edition
264 1 _aNew York, N.Y. :
_bW.W. Norton & Company,
_c©2014
300 _a303 páginas ;
_c21 cm.
336 _atexto
_2rdacontent
_btxt
337 _asin medio
_2rdamedia
_bn
338 _avolumen
_2rdacarrier
_bnc
490 0 _aBusiness
650 4 _aTeoría del juego
650 4 _aPlaneación estratégica
650 4 _aEstrategia
942 _2ddc
_cLI
_h658.4033
_iA195
999 _c64019
_d64019